000 01370nam a22003737a 4500
001 12304429
003 OSt
005 20210420073851.0
008 010208s2001 njua b 001 0 eng
010 _a 2001021235
020 _a069109022X (alk. paper)
040 _aeng
_cDLC
_deng
041 _aeng
050 0 0 _aHG4637
_b.D84 2001
080 _a33
_bD-86
082 0 0 _a332.6
_221
100 1 _aDuffie, Darrell.
245 1 0 _aDynamic asset pricing theory /
_cDarrell Duffie.
250 _a3rd ed.
260 _aPrinceton, N.J. :
_bPrinceton University Press,
_cc2001.
300 _axix, 465 p. :
_bill. ;
_c24 cm.
504 _aIncludes bibliographical references (p. 373-443) and indexes.
650 0 _aCapital assets pricing model.
650 0 _aEconomics
_9446
650 0 _aPortfolio management.
650 0 _aUncertainty.
653 _aეკონომიკა
653 _aფასის წარმოქმნა
856 4 1 _3Table of contents
_uhttp://www.loc.gov/catdir/toc/prin031/2001021235.html
856 4 2 _3Publisher description
_uhttp://www.loc.gov/catdir/description/prin022/2001021235.html
906 _a7
_bcbc
_corignew
_d1
_eocip
_f20
_gy-gencatlg
942 _2udc
_cBK
_e3
999 _c538
_d538